All TNA / Impact Wrestling Pay-Per-View (PPV) Event Names - Statistics

General Stats
  • This quiz has been taken 273 times
    265 since last reset
  • The average score is 15 of 26
Answer Stats
Month Held Years Held Answer % Correct
October 2005 - present Bound for Glory
94%
April 2005 - 2014 Lockdown
79%
June 2005 - 2016 Slammiversary
79%
July 2017 - present Slammiversary
79%
March 2011 - 2012 Victory Road
70%
July 2006 - 2010 Victory Road
70%
November 2004 Victory Road
70%
January 2009 - 2013 Genesis
68%
November 2005 - 2007 Genesis
68%
August 2005 - 2012 Hardcore Justice
65%
May 2005 - 2012, 2014 Sacrifice
59%
March 2005 - 2010 Destination X
57%
July 2011 - 2012 Destination X
57%
February 2005 - 2012 Against All Odds
54%
January 2005 - 2008 Final Resolution
52%
December 2008 - 2012 Final Resolution
52%
November 2008 - 2012 Turning Point
51%
December 2005 - 2007 Turning Point
51%
July 2005 No Surrender
50%
September 2006 - 2012 No Surrender
50%
January 2020 Hard to Kill
43%
April 2019 Rebellion
40%
September 2005 Unbreakable
40%
January 2019 Homecoming
25%
April 2018 Redemption
21%
April 2019 United We Stand
14%
No matching quizzes found
Score Distribution
Percent of People with Each Score
Percentile by Number Answered
Your Score History
You have not taken this quiz since the last reset